| 000 | 00569nam a22001937a 4500 | ||
|---|---|---|---|
| 999 |
_c20336 _d20336 |
||
| 003 | BDDh-ASL | ||
| 005 | 20231015025856.0 | ||
| 008 | 201229s1967 enk||||| |||| 00| 0 eng d | ||
| 040 | _cBDDh-ASL | ||
| 082 |
_a297.0954 _bAZI |
||
| 100 | 1 |
_92648 _aAhmad, Aziz |
|
| 245 | 1 | 0 | _aIslamic Modernism in India and Pakistan 1857-1964 / |
| 260 |
_aLondon: _bOxford University Press, _c1967. |
||
| 300 |
_a294 _c21 cm. |
||
| 504 | _aInclude Bibliographical References and Index | ||
| 650 | 0 |
_91652 _aIslam _xIndia and Pakistan |
|
| 650 | 0 |
_92651 _aModernism |
|
| 942 |
_2ddc _cBK |
||